Country Quiz- Angola - Statistics

General Stats
  • This quiz has been taken 16 times
  • The average score is 7 of 12
Answer Stats
Questions Answers % Correct
What is the capital city? Luanda
93%
Name one of the 5 major languages spoken in Angola. Portuguese
93%
Which European country was the first to explore Angola's region? Portugal
86%
What accounts for 88% of Angola's total exports? Oil
79%
What part of Africa is Angola located? (north, east, northwest) Southwest
79%
Where does the name Angola derive from? The word ngola
79%
What year did Angola gain full independence? 1975
71%
What is Angola's official name? Republic of Angola
57%
What is Angola's median age? 15.9
21%
What animal was thought to be extinct since 1982 but was rediscovered in Angola in 2006? Giant sable antelope
14%
Which Angolan businesswoman is Africa's richest woman? Isabel dos Santos
14%
Angola is home to one of Africa's largest waterfalls, what is its name? Kalandula Falls
7%
No matching quizzes found
Score Distribution
Percent of People with Each Score
Percentile by Number Answered
Your Score History
You have not taken this quiz